000 00272nam a22001097a 4500
008 160209b xxu||||| |||| 00| 0 eng d
020 _a9781576856628
041 _aeng
080 _a801.5
245 _aGrammar in 15 minutes a day :
_cJunior skill builders.
942 _2udc
_cBK
999 _c1412
_d1412